000 00475nam a2200193Ia 4500
005 20250603145655.0
008 250603s9999 xx 000 0 und d
020 _a9780071845748
050 _aQR 46 .L48/
100 _aLevinson, Warren
245 0 _aReview of medical microbiology and immunology
250 _a14th ed.
260 _aUnited state
260 _bMcGraw-Hill education
260 _c2016
300 _a821 p
650 _aUnited state
942 _cBK
999 _c42521
_d42521